Представление документа в формате RUSMARC

ПолеНазваниеЗначение
  Тип записи a
  Библиографический уровень m
001 Контрольный номер RU/SLIB/B/208710452
005 Дата корректировки 20201206203907.9
010 Индекс ISBN __
a ISBN 5-02-017942-6
d Цена 35-00; 34-00
101 Язык документа __
a Язык текста rus
c Язык оригинала egy
c Язык оригинала akk
c Язык оригинала sux
200 Заглавие и сведения об ответственности 1_
a Заглавие Хрестоматия по истории Древнего Востока
e Сведения, относящиеся к заглавию пеp. с дpевнеегипет., шумеpского, аккадского и дp.
f Первые сведения об ответственности сост. и коммент. А. А. Вигасина
b Общее обозначение материала Текст
210 Выходные данные __
a Место издания М.
c Издательство Вост. лит.
d Дата издания 1997
215 Физическое описание __
a Объем 400 с.
330 Аннотация __
a Аннотация Книга включает памятники Древнего Египта, Азии, Ирана, Индии и Китая. Тексты источников по истории Древнего Востока сопровождаются комментарием.
600 Персоналии __
a Персоналии (Фамилия) Хаммурапи
600 Персоналии __
a Персоналии (Фамилия) Дарий
600 Персоналии __
a Персоналии (Фамилия) Геродот
600 Персоналии __
a Персоналии (Фамилия) Плутарх
600 Персоналии __
a Персоналии (Фамилия) Юстин
600 Персоналии __
a Персоналии (Фамилия) Тутанхамон
606 Тематические рубрики __
a Основная рубрика История
606 Тематические рубрики __
a Основная рубрика Древний мир
606 Тематические рубрики __
a Основная рубрика История Азии в целом
y Географическая подрубрика Иран; Индия; Китай; Египет
610 Ключевые слова __
a Ключевые слова эпос; цари; гробницы; биографии; бытие; пророки; закон Хаммурапи; Хеттское царство; сказания; записки; законы; гимны; повести
686 Индексы других классификаций __
2 Код системы rubbks
a Классификационный индекс 63.3(0)31
686 Индексы других классификаций __
a Классификационный индекс 63.3(5) ; ст63.3(0)31 + ст63.3(5)
702 Вторичная интеллектуальная ответственность _1
a Фамилия Вигасин
b Имя А. А.
4 Код отношения Составитель
4 Код отношения 220
4 Код отношения 210
801 Источник записи _0
a Страна RU
b Организация Муниципальное бюджетное учреждение культуры "Централизованная библиотечная система" г. Сургут (Центральная городская библиотека им. А. С. Пушкина)
g Правила каталогизации КиК/Тесленко
801 Источник записи _1
a Страна RU
b Организация Муниципальное бюджетное учреждение культуры "Централизованная библиотечная система" г. Сургут (Центральная городская библиотека им. А. С. Пушкина)
g Правила каталогизации КиК/Тесленко
852 Данные о местонахождении __
j Шифр хранения 63.3(0)31
c Каталожный индекс 63.3(0)31; 63.3(5)
i Авторский знак Х 91
p Инвентарный номер 69282
901 Тип документа __
t Тип документа m
903 Характеристики (МАРС) __
a Дата передачи 19980831
990 Данные о заказе (DOS) 00
j Количество экземпляров (DOS) 14; 3
t N записи в КСУ для И/У (DOS) 200211; 199808